Principles of thermodynamics / (Record no. 29803)
[ view plain ]
| 000 -LEADER | |
|---|---|
| fixed length control field | 00530 a2200181 4500 |
| 003 - CONTROL NUMBER IDENTIFIER | |
| control field | NUST |
| 005 - DATE AND TIME OF LATEST TRANSACTION | |
| control field | 20180118123457.0 |
| 008 - FIXED-LENGTH DATA ELEMENTS--GENERAL INFORMATION | |
| fixed length control field | 180118b xxu||||| |||| 00| 0 eng d |
| 020 ## - INTERNATIONAL STANDARD BOOK NUMBER | |
| International Standard Book Number | 0824706927 |
| 020 ## - INTERNATIONAL STANDARD BOOK NUMBER | |
| International Standard Book Number | 9780824706920 |
| 082 ## - DEWEY DECIMAL CLASSIFICATION NUMBER | |
| Classification number | 541.369 |
| 100 1# - MAIN ENTRY--PERSONAL NAME | |
| Personal name | Kaufman, Myron. |
| 9 (RLIN) | 8737 |
| 245 10 - TITLE STATEMENT | |
| Title | Principles of thermodynamics / |
| Statement of responsibility, etc. | Myron Kaufman. |
| 260 ## - PUBLICATION, DISTRIBUTION, ETC. | |
| Place of publication, distribution, etc. | [S.l.] : |
| Name of publisher, distributor, etc. | CRC Press, |
| Date of publication, distribution, etc. | 2002. |
| 300 ## - PHYSICAL DESCRIPTION | |
| Extent | 408 p. ; |
| Dimensions | 24 cm. |
| 490 1# - SERIES STATEMENT | |
| Series statement | Undergraduate chemistry: a series of textbooks. |
| 700 ## - ADDED ENTRY--PERSONAL NAME | |
| Personal name | Kaufman, Myron. |
| 9 (RLIN) | 8737 |
| 830 ## - SERIES ADDED ENTRY--UNIFORM TITLE | |
| Uniform title | Undergraduate chemistry: a series of textboo |
| 9 (RLIN) | 8738 |
| 942 ## - ADDED ENTRY ELEMENTS (KOHA) | |
| Institution code [OBSOLETE] | SNS |
| Koha item type | Book |
| Call number prefix | 541.369 KAU |
| Source of classification or shelving scheme | |
| Withdrawn status | Lost status | Damaged status | Not for loan | Permanent Location | Current Location | Date acquired | Total Checkouts | Full call number | Barcode | Date last seen | Date last checked out | Price effective from | Koha item type |
|---|---|---|---|---|---|---|---|---|---|---|---|---|---|
| School of Natural Sciences (SNS) | School of Natural Sciences (SNS) | 05/26/2016 | 1 | 541.369 KAU | SNS0001446 | 10/19/2020 | 09/28/2020 | 05/26/2016 | Book |
